[Event "MCR mladeze 2019 - Narodni open"]
[Site "Kouty nad Desnou"]
[Date "2019.03.11"]
[Round "4"]
[White "Slepankova, Radka"]
[Black "Dunda, Andrej"]
[Result "1-0"]
[WhiteElo "1948"]
[BlackElo "1363"]
[EventDate "2019.03.09"]
[PlyCount "55"]

1. e4 e5 2. Nc3 d6 3. g3 Nd7 4. Bg2 Be7 5. Nge2 Ngf6 6. O-O O-O 7. d3 Nb6 8. f4
Be6 9. Be3 Qd7 10. f5 d5 11. fxe6 fxe6 12. Bxb6 axb6 13. Kh1 Ng4 14. Qd2 d4 15.
Nd1 h6 16. h3 Bg5 17. Qe1 Ne3 18. Nxe3 Bxe3 19. Ng1 c5 20. Nf3 Qc7 21. Qe2 b5
22. Nh4 c4 23. Rxf8+ Rxf8 24. Rf1 Rc8 25. Ng6 Bg5 26. Qg4 Qd6 27. h4 Bf6 28.
Rxf6 1-0

[Event "MCR mladeze 2019 - Narodni open"]
[Site "Kouty nad Desnou"]
[Date "2019.03.11"]
[Round "4"]
[White "Hrabal, Matej"]
[Black "Hladky, Jiri"]
[Result "1-0"]
[WhiteElo "1789"]
[BlackElo "1414"]
[EventDate "2019.03.09"]
[PlyCount "57"]

1. e4 e5 2. Nf3 Nc6 3. Bc4 Nf6 4. d3 Bc5 5. c3 d6 6. Nbd2 O-O 7. O-O Bb6 8. b4
a6 9. Bb3 Qe7 10. Nc4 Ba7 11. Ne3 Nd8 12. Re1 Bxe3 13. Bxe3 Ne6 14. Ng5 Bd7 15.
d4 Rfe8 16. Qf3 h6 17. Nxe6 Bxe6 18. dxe5 dxe5 19. Bc5 Qd7 20. Rad1 Qc6 21. Bd5
Bxd5 22. exd5 Qb5 23. Qg3 Nh5 24. Qg4 Nf6 25. Qf5 Qa4 26. Be3 Rad8 27. Bxh6
Nxd5 28. Qg5 g6 29. Rxd5 1-0

[Event "MCR mladeze 2019 - Narodni open"]
[Site "Kouty nad Desnou"]
[Date "2019.03.11"]
[Round "4"]
[White "Dolensky, Stepan"]
[Black "Havel, Kristian"]
[Result "0-1"]
[WhiteElo "1528"]
[BlackElo "1623"]
[EventDate "2019.03.09"]
[PlyCount "58"]

1. e4 c5 2. Nc3 d6 3. f4 g6 4. Nf3 Bg7 5. Bb5+ Bd7 6. Bxd7+ Qxd7 7. d3 e6 8.
O-O Ne7 9. Qe1 O-O 10. Qh4 Nbc6 11. f5 exf5 12. Bh6 fxe4 13. Ng5 f6 14. Bxg7
fxg5 15. Qh6 Nf5 16. Rxf5 Rxf5 17. dxe4 Rf7 18. Nd5 Qe6 19. Rf1 Rxg7 20. Nf6+
Kh8 21. Nxh7 Rxh7 22. Rf8+ Rxf8 23. Qxf8+ Qg8 24. Qf6+ Qg7 25. Qe6 Rh5 26. g4
Qd4+ 27. Kg2 Rxh2+ 28. Kxh2 Qe5+ 29. Qxe5+ Nxe5 0-1

[Event "MCR mladeze 2019 - D10"]
[Site "Kouty nad Desnou"]
[Date "2019.03.12"]
[Round "5"]
[White "Zadrapova, Amalie"]
[Black "Horkova, Tereza"]
[Result "1-0"]
[WhiteElo "1317"]
[BlackElo "1346"]
[EventDate "2019.03.09"]

1. e4  e5  2. Nf3  Nc6
3. d4  exd4  4. Nxd4
Nf6  5. Nc3  Bb4
6. Nxc6  bxc6  7. Bd3
d5  8. exd5  cxd5
9. O-O  O-O  10. h3
c6  11. Qf3  h6
12. Bf4  Be6  13. a3  Ba5
14. b4  Bb6  15. Rad1
d4  16. Ne4  Bd5
17. Nxf6+  Qxf6  18. Qg3
Rfe8  19. Rfe1  c5
20. h4  c4  21. Be5
Bc7  22. Bxc7  cxd3
23. Be5  Qg6  24. Qxg6
fxg6  25. cxd3  Bb3
26. Rc1  Rad8  27. f4
Rd7  28. Kf2  g5
29. hxg5  hxg5  30. g3
Ree7  31. Re4  gxf4
32. gxf4  Re6  33. Rxd4
Rf7  34. Rh1  Kf8
35. Bd6+  Ke8  36. Rh8+
Kd7  37. Bc5+  Kc7
38. Bxa7  Rfe7  39. Bb8+
Kb7  40. Be5  Rf7
41. Rb8+  Kc6  42. Rc8+
Kb7  43. Rc5  Ka6
44. Rd6+  Rxd6  45. Bxd6
Rd7  46. Be5  Rxd3
47. Bxg7  Bd1  48. Ra5+
Kb6  49. f5  Rf3+
50. Kg2  Rf4  51. f6
Be2  52. Rg5  Kc7
53. Kg3  Rf3+  54. Kg2
Kd7  55. Re5  Rf4
56. Rxe2  Rg4+  57. Kf3
Rxg7  58. fxg7  Kc6
59. g8=Q Kd6  60. Qc4 Kd7  61.
Qc5 Kd8  62. Qe7+ Kc8  63. Rd2 Kb8
64. Rd8# 1-0

[Event "MCR mladeze 2019 - D10"]
[Site "Kouty nad Desnou"]
[Date "2019.03.12"]
[Round "5"]
[White "Hladka, Leontyna"]
[Black "Buchtova, Viktorie"]
[Result "0-1"]
[WhiteElo "1049"]
[BlackElo "1233"]
[EventDate "2019.03.09"]

1. e4  e5  2. Nf3  Nc6
3. d4  exd4  4. Nxd4
Nf6  5. Nc3  Bb4
6. Bd3  Nxd4  7. Be3
Nc6  8. O-O  O-O
9. Bg5  Bxc3  10. bxc3
d6  11. Qf3  Ne5
12. Qg3  Re8  13. Bh6
Ng6  14. Bg5  Nh5
15. Bxd8  Nxg3  16. hxg3
Rxd8  17. Rfe1  Be6
18. a3  c6  19. c4
d5  20. cxd5  cxd5
21. e5  d4  22. f4
Ne7  23. Rab1  b6
24. Rbc1  Rac8  25. Red1
Bf5  26. Bxf5  Nxf5
27. Rd3  Rc3  28. Rxc3
dxc3  29. Kf2  Rd2+
0-1

[Event "MCR mladeze 2019 - D10"]
[Site "Kouty nad Desnou"]
[Date "2019.03.12"]
[Round "5"]
[White "Barteckova, Valerie"]
[Black "Lackova, Ludmila"]
[Result "1-0"]
[WhiteElo "1159"]
[BlackElo "1100"]
[EventDate "2019.03.09"]

1. e4  e5  2. Nf3  Nc6
3. Nc3  Nf6  4. Bb5
Bb4  5. O-O  O-O
6. d3  Nd4  7. Bc4
Bxc3  8. bxc3  Nc6
9. Bg5  d6  10. h3
Re8  11. Re1  Be6
12. Bb5  a6  13. Ba4
b5  14. Bb3  Rb8
15. d4  h6  16. Bxf6
Qxf6  17. d5  Ne7
18. dxe6  fxe6  19. Qe2
Ng6  20. Nh2  Qg5
21. Qg4  Qf6  22. Re3
Nh4  23. g3  Rf8
24. Qxe6+  Qxe6  25. Bxe6+
Kh8  26. gxh4  Rf6
27. Bg4  Rbf8  28. Rf3
Rxf3  29. Nxf3  h5
30. Bxh5  Rf4  31. Kg2
Rxe4  32. Ng5 Rc4  33. Nf3
Rxc3  34. Bg6  c5
35. a4  b4  36. Ne1
c4  37. Rb1  b3
38. cxb3  cxb3  39. Bf7  e4
40. Bxb3  Kh7  41. Bd5
e3  42. fxe3  Rxe3
43. Kh2  Ra3  44. Bc6
Ra2+  45. Ng2  d5
46. Rd1  Kh6  47. Rxd5
Kg6  48. Ra5  Rf2
49. Rxa6  Kh6  50. a5
Kh7  51. Kg3  Rd2
52. Ra7  Kh6  53. a6
Rd3+  54. Kh2  Rd6
55. Rc7  Rf6  56. a7
Rf8  57. a8=Q  Rxa8
58. Bxa8  Kh5  59. Rxg7
Kh6  60. Rg3  Kh5
61. Bf3+  Kh6  62. Nf4
Kh7  63. Be4+  Kh8
64. Ng6+  Kg7  65. Nf8+
Kf6  66. h5  Kf7
67. h6  Kf6  68. h7
Kf7  69. Bd5+  Ke7
70. h8=Q  Kd6  71. Qf6+
Kc5  72. Qc6+  Kd4
73. Qf6+  Kc5  74. Qc6+
Kd4  75. Rg4+  Ke5
76. Qe6#  1-0

[Event "MCR mladeze 2019 - D10"]
[Site "Kouty nad Desnou"]
[Date "2019.03.12"]
[Round "5"]
[White "Ticha, Valerie"]
[Black "Kubatova, Beta"]
[Result "1-0"]
[WhiteElo "1036"]
[BlackElo "1100"]
[EventDate "2019.03.09"]

1. e4  c5  2. Nf3  Nc6
3. Nc3  d6  4. d4
cxd4  5. Nxd4  Nf6
6. Be3  e6  7. f3
Be7  8. Qd2  O-O
9. O-O-O  Nxd4  10. Bxd4
a6  11. g4  Bd7
12. h4  b5  13. g5  Ne8
14. Kb1  b4  15. Ne2
Rb8  16. Ng3  e5
17. Be3  Be6  18. Qh2
a5  19. g6  h6
20. Nf5  Qc7  21. Bg5  Bxf5
22. exf5  f6  23. Be3
a4  24. Qd2  Qb7
25. Bxh6  a3  26. b3
Qxf3  27. Bc4+  Kh8
28. Rdf1 Qh5  29. Be3 Qg4  30.
Rhg1 Qxh4  31. Rg4 Qh6  32. Bxh6 gxh6
33. Qxh6# 1-0

[Event "MCR mladeze 2019 - D10"]
[Site "Kouty nad Desnou"]
[Date "2019.03.12"]
[Round "5"]
[White "Cerna, Miriam"]
[Black "Svrchokrylova, Ludmila"]
[Result "0-1"]
[WhiteElo "1100"]
[BlackElo "1098"]
[EventDate "2019.03.09"]

1. Nf3  Nc6  2. Nc3  e5
3. e4  Bc5  4. Bc4
d6  5. d3  Nf6
6. Bg5  h6  7. Bh4  g5
8. Bg3  h5  9. h4
Bg4  10. Qd2  Rg8
11. hxg5  Nh7  12. g6
Bxf3  13. Bxf7+  Ke7
14. Bxg8  Nf6  15. Bc4
Bxg2  16. Rh2  Bf3
17. Ne2  Qf8  18. O-O-O
Rd8  19. Re1  Kd7
20. Nc3  Kc8  21. Bh4
Kb8  22. Rh3  Bg4
23. Rg3  Rc8  24. f3
d5  25. exd5  Nd4
26. Rxe5  Nxf3  27. Qf4
Nxe5  28. d6  Bxd6
29. Bxf6  Nxd3+  30. Kb1 Nxf4
31. g7  Qxg7 32. Bxg7 Re8 33. a3
Ne6  34. Bxe6  Bxg3
35. Bf7  Re7  36. Bd5
Rxg7  37. Ne4  Rd7
38. Nf6  Rd6  39. Nxg4
hxg4  40. Be4  Bh4
41. b4  Re6  42. Bd5
Re3  43. Kb2  g3
44. c3  Re6  45. Bxe6
g2  46. Kb3  g1=Q
0-1

[Event "MCR mladeze 2019 - D10"]
[Site "Kouty nad Desnou"]
[Date "2019.03.12"]
[Round "5"]
[White "Kubatova, Ema"]
[Black "Lackova, Lucie"]
[Result "0-1"]
[WhiteElo "1011"]
[BlackElo "1085"]
[EventDate "2019.03.09"]

1. e4  e5  2. Nf3  Nc6
3. d4  exd4  4. Nxd4
Nf6  5. Nc3  Bb4
6. Bg5  O-O  7. Bc4
d6  8. O-O  Bd7
9. Qd2  Re8  10. Rfe1  h6
11. Bxf6  Qxf6  12. Rad1
Qg6  13. Qd3  Qg4
14. h3  Qf4  15. Qf3
Qxf3  16. Nxf3  Ne7
17. a3  Bc5  18. b4
Bb6  19. e5  Nf5
20. exd6  cxd6  21. Rxe8+
Bxe8  22. Bd3  Nd4
23. Nxd4  Bxd4  24. Nd5
Rd8  25. Re1  Ba4
26. c3  Bb6  27. Nxb6
axb6  28. Re7  Bc6
29. f3  g5  30. Be4
Bxe4  31. fxe4  Rb8
32. Rd7  b5  33. Rxd6
Kg7  34. Rb6  f6
35. g3  Kf7  36. Rxb5 Ke6
37. h4  gxh4  38. gxh4
h5  39. Rxh5  b6
40. Rh7  b5  41. h5
Rg8+  42. Kf2  f5
43. exf5+  Kxf5  44. Rf7+
Ke6  45. Rb7  Rh8
46. Rxb5  Kf6  47. c4
Ke6  48. c5  Kd7
49. a4  Kc7  50. Kg3
Rxh5  51. Kg4  Rd5
52. Rb6  Kc8  53. c6
Kc7  54. a5  Rd4+
55. Kf5  Rd6  56. b5
Rd8  57. Rb7+  Kc8
58. c7  Rd5+  59. Ke6
Rd1  60. b6  Kxb7
61. a6+  Kc8  62. b7+
Kxc7  63. Ke5  Ra1
64. a7  Rxa7  65. Ke6
Kxb7  66. Kd7  Kb6+
67. Kd6  Rc7  68. Kd5
Rc8  69. Kd6  Rd8+
70. Ke7  Rd1  71. Ke6
Kc5  72. Kf5  Re1
73. Kf4  Kd5  74. Kf3
Re8  75. Kf4  Kd6
76. Kf5  Re1  77. Kf4
Kd5  78. Kf3  Re8
79. Kf4  Kd6  80. Kf3 Kd5 81.
Kf4 Kd6 82. Kf5  Kd5  83. Kf6
Kd4  84. Kg5  Rf8  85. Kg6
Ke5  86. Kg5  Ke6 87. Kg6
Rg8+  88. Kh7  Rg1
89. Kh6  Kf5  90. Kh7
Kf6  91. Kh8  Kf7
92. Kh7  Rh1#  93. Kg6+
Rg1+  94. Kh7  Rh1# 0-1

[Event "MCR mladeze 2019 - D10"]
[Site "Kouty nad Desnou"]
[Date "2019.03.12"]
[Round "5"]
[White "Stavova, Lucie"]
[Black "Mikesova, Lenka"]
[Result "0-1"]
[WhiteElo "1100"]
[BlackElo "1040"]
[EventDate "2019.03.09"]

1. e4 e5 2. Nf3 Nc6 3. Nc3 Nf6 4. d4 exd4 5. Nxd4 Bb4 6. Nxc6 bxc6 7. Bd3 O-O 8.
Bg5 d5 9. exd5 cxd5 10. O-O c6 11. a3 Bc5 12. b4 Bb6 13. Qf3 Bg4 14. Qg3 Bc7 15.
Qe3 Qd6 16. g3 d4 17. Qd2 dxc3 18. Qxc3 Qe5 19. Qd2 Rfe8 20. Rfe1 Qd5 21. Bxf6
Bh3 22. f4 Bb6+ 23. Re3 Bxe3+ 24. Qxe3 Qg2# 0-1

[Event "MCR mladeze 2019 - D12"]
[Site "Kouty nad Desnou"]
[Date "2019.03.12"]
[Round "5"]
[White "Cinkova, Vicky"]
[Black "Martinkova, Magdalena"]
[Result "0-1"]
[WhiteElo "1124"]
[BlackElo "1387"]
[EventDate "2019.03.09"]

1. e4  e5  2. f4  d5
3. exd5  exf4  4. Nf3
Nf6  5. Bc4  c6
6. d6  Bxd6  7. O-O  O-O
8. Nc3  Bg4  9. d4
Nbd7  10. Qd3  Nb6
11. Bb3  Qc7  12. Ne4
Nxe4  13. Qxe4  Rae8
14. Bxf7+  Qxf7  15. Qd3
Qc4  16. Qd2  Re2
17. Qa5  Bxf3  18. gxf3
Qxc2  19. Qg5  Be7
20. Qg4  Rf6  21. Qh5
Qg6+  22. Qxg6  Rxg6+
23. Kh1  Nd5  24. Rd1
Rgg2  25. a3  Rxh2+
26. Kg1  Reg2+  27. Kf1
Ne3+  28. Bxe3  fxe3 0-1

[Event "MCR mladeze 2019 - D12"]
[Site "Kouty nad Desnou"]
[Date "2019.03.12"]
[Round "5"]
[White "Janouskova, Adela"]
[Black "Sehnoutkova, Laura"]
[Result "1-0"]
[WhiteElo "1258"]
[BlackElo "1071"]
[EventDate "2019.03.09"]

1. e4  c5  2. Nf3  Nc6
3. c3  d5  4. exd5
Qxd5  5. d4  Bf5
6. Be2  cxd4  7. cxd4
Bxb1  8. Rxb1  O-O-O
9. Be3  e6  10. O-O
Nf6  11. Rc1  Bd6
12. h3  h6  13. Qa4
Kb8  14. Ne5  Bxe5
15. dxe5  Nd7  16. Rxc6
Nb6  17. Bxb6  axb6
18. Rxb6  Rd7  19. Rd1
Qxe5  20. Qxd7  Qc7
21. Qd6  Rc8  22. Qxc7+
Rxc7  23. Rd8+  Rc8
24. Rxc8+  Kxc8  25. Bf3
g5  26. Rxb7  f5
27. Bc6  h5  28. a4
1-0

[Event "MCR mladeze 2019 - D12"]
[Site "Kouty nad Desnou"]
[Date "2019.03.12"]
[Round "5"]
[White "Havelkova, Beata"]
[Black "Spacilova, Klara"]
[Result "1-0"]
[WhiteElo "1359"]
[BlackElo "1061"]
[EventDate "2019.03.09"]

1. e4  e5  2. Nf3  Nc6
3. Bb5  Nf6  4. O-O
d6  5. Re1  Be7
6. c3  O-O  7. h3  a6
8. Ba4  b5  9. Bc2
Na5  10. d4  exd4
11. cxd4  c5  12. Nbd2
Nb7  13. b3  Bd7
14. Bb2  b4  15. Rc1
Bb5  16. Bb1  Rc8
17. d5  a5  18. Qc2
g6  19. Nc4  Bxc4
20. Qxc4  Qb6  21. Rcd1
Ra8  22. Nh2  Qa6
23. Qc1  Qb6  24. Kh1
Qd8  25. f4  Re8
26. Nf3  Rc8  27. Bd3
Qd7  28. Bc4  Rc7
29. e5  dxe5  30. fxe5
Nh5  31. d6  Bxd6 32. exd6
Rxe1+  33. Rxe1  Nxd6
34. Qd1  Kf8  35. Be5
Rc6  36. Bb5  Qc7
37. Bxc6  Qxc6  38. Qxd6+
Qxd6  39. Bxd6+  Kg7
40. g4  Nf6  41. Be5
h6  42. g5  hxg5
43. Nxg5  c4  44. bxc4
a4  45. Rf1  b3
46. Bxf6+  Kh6  47. Rf4  Kh5
48. Nxf7  g5  49. Bxg5
b2  50. Rf1  Kg6
51. h4  b1=Q  52. Ne5+
Kg7  53. Rxb1  Kh7 54. Rb7+ Kg8
55. Bf6  a3  56. h5
Kf8  57. Rb8# 1-0

[Event "MCR mladeze 2019 - D12"]
[Site "Kouty nad Desnou"]
[Date "2019.03.12"]
[Round "5"]
[White "Dudkova, Josefina"]
[Black "Vavrinkova, Marie"]
[Result "1-0"]
[WhiteElo "1393"]
[BlackElo "1236"]
[EventDate "2019.03.09"]

1. e4  e5  2. Nc3  Nc6
3. Bc4  Nf6  4. d3
Bb4  5. Bg5  O-O
6. Nge2  h6  7. Bh4
d6  8. h3  Be6
9. O-O  Qe7  10. a3  Bc5
11. Kh1  Bxc4  12. dxc4
g5  13. Bg3  Rae8
14. h4  Ng4  15. Nd5
Qd8  16. Nec3  Nf6
17. Nxf6+  Qxf6  18. Nd5
Qd8  19. Qg4  f6
20. b4  Bb6  21. Rad1
Ne7  22. Nxb6  axb6
23. c5  bxc5  24. bxc5
Nc6  25. cxd6  cxd6
26. Rd3  Qc7  27. Rfd1
Rd8  28. Qe6+  Kh7
29. Rxd6  Nd4  30. R6xd4
Rxd4  31. Rxd4  Qxc2
32. Qe7+  Kg8  33. Rd7
1-0

[Event "MCR mladeze 2019 - D12"]
[Site "Kouty nad Desnou"]
[Date "2019.03.12"]
[Round "5"]
[White "Zelbova, Lada"]
[Black "Dobsa, Emma"]
[Result "1-0"]
[WhiteElo "1221"]
[BlackElo "1297"]
[EventDate "2019.03.09"]

1. e4  e5  2. f4  Bc5
3. Nf3  d6  4. fxe5
dxe5  5. Bc4  Nf6
6. Nc3  O-O  7. h3
Nc6  8. d3  Re8
9. Ng5  Re7  10. Nd5  Nxd5
11. exd5  Nb4  12. d6
Qxd6  13. c3  Nc6
14. Qh5  Qg6  15. Qf3
h6  16. Ne4  Bb6
17. Bd2  Kh8  18. O-O-O
Be6  19. Bxe6  Rxe6
20. Rdf1  Rf8  21. g4
a5  22. h4  Ba7
23. h5  Qh7  24. g5  Qg8
25. gxh6  gxh6  26. d4
exd4  27. Rhg1  Qh7
28. Nf6  Ne5  29. Nxh7
Nxf3  30. Nxf8  Re7
31. Rxf3  dxc3  32. Bxc3+ 1-0

[Event "MCR mladeze 2019 - D12"]
[Site "Kouty nad Desnou"]
[Date "2019.03.12"]
[Round "5"]
[White "Stavova, Marketa"]
[Black "Hetfleischova, Elen"]
[Result "0-1"]
[WhiteElo "1178"]
[BlackElo "1544"]
[EventDate "2019.03.09"]

1. e4  c5  2. Nc3  Nc6
3. Nf3  g6  4. d3
Bg7  5. g3  e6
6. Bg2  d5  7. exd5  exd5
8. O-O  Nge7  9. Bg5
O-O  10. Qd2  Bf5
11. Rae1  Re8  12. Re2
Qd7  13. Rfe1  Rab8
14. Bh6  Bh8  15. Bf4
Ra8  16. Ne5  Bxe5
17. Bxe5  Nxe5  18. Rxe5
Be6 19. Ne2  Nc6  20. Re3
d4  21. Re4  Bf5
22. Rh4  Ne5  23. Kh1
Bg4  24. Qf4  Qf5
25. Qxf5  Bxf5  26. Ng1
Ng4  27. Rxe8+  Rxe8
28. h3  Nxf2+  29. Kh2
Kg7  30. Rf4  Nd1
31. b3  b6  32. g4
Bd7  33. Bd5  Re7
34. Kg3  Ne3  35. Bc4
Nxc2  36. Nf3  Nb4
37. a3  Nc2  38. a4
Be6  39. Ng5  Bxc4
40. dxc4  Nb4  41. h4
h6  42. Nf3  Nd3
43. Rxd4  cxd4  44. Nxd4
Nc5  45. h5  Kf6
46. b4  Nxa4  47. hxg6
fxg6  48. c5  bxc5
49. bxc5  Nxc5  50. g5+
Kxg5  51. Nc6  Re3+
52. Kf2  Kf4  53. Nxa7
Nd3+  54. Kg2  Kg4
55. Nc6  Re2+  56. Kf1
Rf2+  57. Kg1  Kg3
58. Nd4  Ne1  59. Ne2+
Rxe2  60. Kf1  Kf3
61. Kg1  Nc2  62. Kh1
Kg3  63. Kg1  Re1#
0-1

[Event "MCR mladeze 2019 - D12"]
[Site "Kouty nad Desnou"]
[Date "2019.03.12"]
[Round "5"]
[White "Ticha, Sofie"]
[Black "Stribna, Julie"]
[Result "1-0"]
[WhiteElo "1307"]
[BlackElo "1034"]
[EventDate "2019.03.09"]

1. e4  e5  2. Nf3  Nc6
3. d4  exd4  4. Bc4
d6  5. Nxd4  Nf6
6. Nc3  Be7  7. O-O
O-O  8. h3  h6
9. Bf4  Nxe4  10. Nxe4  d5
11. Nxc6  bxc6  12. Bd3
dxe4  13. Bxe4  Bb7
14. Qxd8  Bxd8  15. Rad1
Re8  16. Rfe1  Rb8
17. Bh7+  Kf8  18. Bf5
Rxe1+  19. Rxe1  Bc8
20. Bxc8  Rxc8  21. Kf1
Bf6  22. c3  Rb8
23. Re2  Rb7  24. Ke1
Be7  25. Be3  Ke8
26. Bc5  Rxb2  27. Rxe7+
Kd8  28. Re2  Rb7
29. Rd2+  Ke8  30. Ke2
f6  31. Kf3  Kf7
32. Kg4  Kg6  33. f4
a6  34. f5+  Kh7
35. Kf4  Rb8  36. Re2
Rd8  37. Bd4  Rf8
38. Re7  Kg8  39. Rxc7
Kh7  40. h4  a5
41. g4 1-0

[Event "MCR mladeze 2019 - D12"]
[Site "Kouty nad Desnou"]
[Date "2019.03.12"]
[Round "5"]
[White "Myskova, Veronika"]
[Black "Rolinkova, Adela"]
[Result "0-1"]
[WhiteElo "1032"]
[BlackElo "1229"]
[EventDate "2019.03.09"]

1. e4  d6  2. Nf3  e5
3. Nc3  Nf6  4. Be2
g6  5. O-O  Bg7
6. d4  O-O  7. Bg5  Nc6
8. dxe5  dxe5  9. Qc1
Be6  10. Bh6  Qe7
11. Bxg7  Kxg7  12. Qg5
Rad8  13. Nh4  Rd7
14. Nf5+  Bxf5  15. exf5
Nd4  16. Bd3  Re8
17. fxg6  fxg6  18. Rfe1
c5  19. Qh4  c4
20. Be4  Nxe4 21. Qxe7+  Rdxe7
22. Nxe4  Nxc2  23. Nd6  Rd8
24. Nxb7  Rxb7  25. Rec1
Nxa1  26. Rxa1  Rxb2
27. a4  Rdd2  28. Rf1
c3  29. a5  c2
30. a6  Rd1  0-1

[Event "MCR mladeze 2019 - D12"]
[Site "Kouty nad Desnou"]
[Date "2019.03.12"]
[Round "5"]
[White "Coufalova, Laura"]
[Black "Sikorova, Jana"]
[Result "0-1"]
[WhiteElo "1015"]
[BlackElo "1198"]
[EventDate "2019.03.09"]

1. e4  c5  2. Nf3  e6
3. d4  cxd4  4. Nxd4
a6  5. Nc3  b5
6. Bd3  Qb6  7. Nb3  Qc7
8. Bd2  Bb7  9. O-O
Nf6  10. Kh1  Be7
11. Qe2  d6  12. Rfe1
Nbd7  13. f4  O-O
14. Rad1  Rac8  15. e5
dxe5  16. fxe5  Nd5
17. Nxd5  Bxd5  18. Qh5
g6  19. Qe2  Rfd8
20. Bh6  Bf8  21. Bxf8
Kxf8  22. Nd4  Qb8
23. Be4  Nxe5  24. Bxd5
Rxd5  25. Nf3  Nxf3
26. Qxf3  Rxd1  27. Qxd1
Qc7  28. c3  Rd8
29. Qe2  Qc4  30. Qxc4
bxc4  31. b3  Rc8
32. b4  Rd8  33. h3
Rd3  34. Rc1  e5
35. a4  Ke7  36. Kg1
Ke6  37. Kf2  e4
38. Re1  f5  39. b5
Rd6  40. Rb1  Rb6
41. a5  Rd6  42. bxa6
Rxa6  43. Rb6+  Rxb6
44. axb6  Kd6  45. b7
Kc7  46. Ke3  Kxb7
47. Kd4  Kc6  48. Kxc4
e3  49. Kd3  f4
50. Ke2  Kc5  51. Kd3  g5
52. g3  h6  53. g4
Kd5  0-1

[Event "MCR mladeze 2019 - D14"]
[Site "Kouty nad Desnou"]
[Date "2019.03.12"]
[Round "5"]
[White "Voriskova, Anna"]
[Black "Lhotska, Anna"]
[Result "0-1"]
[WhiteElo "1603"]
[BlackElo "1845"]
[EventDate "2019.03.09"]

1. e4  c5  2. Nf3  d6
3. c3  Nf6  4. Be2
Nc6  5. d4  g6
6. Bd3  Bg4  7. Be3  Bg7
8. Nbd2  cxd4  9. cxd4
O-O  10. O-O  Bc8
11. h3  b6  12. Rc1
Bb7  13. Bb1  Qd7
14. Nh2  Rac8  15. f4
e6  16. Qe1  Ba6
17. Rf3  Nb4  18. Bf2
Rxc1  19. Qxc1  Rc8
20. Rc3  Nh5  21. Ndf3
Bh6  22. g3  Nf6
23. Ng4  Nxg4  24. hxg4
Bg7  25. f5  Rxc3
26. Qxc3  Qb5  27. Qe1
Nd3  28. Bxd3  Qxd3
29. Kg2  Bb7  30. fxe6
fxe6  31. Ng5  Bxd4
32. Bxd4  Qxd4  33. Qe2
Qe5  34. Qc4  Qxg5
35. Qxe6+  Kf8  36. Qxd6+
Qe7  37. Qf4+  Kg7
38. Kf3  Qf6  39. Ke3
Qxf4+  40. gxf4  h5
0-1

[Event "MCR mladeze 2019 - D14"]
[Site "Kouty nad Desnou"]
[Date "2019.03.12"]
[Round "5"]
[White "Stastna, Martina"]
[Black "Dudova, Pavlina"]
[Result "1-0"]
[WhiteElo "1660"]
[BlackElo "1505"]
[EventDate "2019.03.09"]

1. e4  e5  2. Nf3  Nc6
3. Bb5  a6  4. Bxc6
dxc6  5. d4  exd4
6. Qxd4  Qxd4  7. Nxd4
Nf6  8. O-O  Be7
9. Nc3  O-O  10. Bf4
c5 11. Nde2 c6  12. f3  Be6
13. Be3  b5  14. Nf4
Bc8  15. Nd3  c4
16. Ne5  Bb7  17. a3
Bd6  18. Ng4  Nxg4
19. fxg4  Rfe8  20. Rad1
Bf8  21. Rd7  Re7
22. Rfd1  Rae8  23. Rxe7
Rxe7  24. Rd8  Rc7
25. Rb8  c5  26. Bxc5
Rxc5  27. Rxb7  Rc6
28. Kf2  Bc5+  29. Ke2
g6  30. Nd5  Re6
31. Kf3  Kg7  32. h3
h6  33. Rc7  Bd4
34. b3  cxb3  35. cxb3
Bb6  36. Nxb6  Rxb6
37. e5  Re6  38. Ke4
Kf8  39. Kd5  h5
40. gxh5  gxh5  41. Rc6
Ke7  42. Rxe6+  fxe6+
43. Kc6  1-0

[Event "MCR mladeze 2019 - D14"]
[Site "Kouty nad Desnou"]
[Date "2019.03.12"]
[Round "5"]
[White "Zemanova, Nikola"]
[Black "Strnadova, Monika"]
[Result "1/2-1/2"]
[WhiteElo "1387"]
[BlackElo "1521"]
[EventDate "2019.03.09"]

1. d4  Nf6  2. c4  g6
3. Nc3  Bg7  4. e4
d6  5. f4  O-O
6. Nf3  c5  7. d5  Bg4
8. Be2  Qa5  9. O-O
Nbd7  10. Bd2  Bxf3
11. Bxf3  Qb4  12. b3
Qb6  13. Rb1  e6
14. Qc2  exd5  15. exd5
Rfe8  16. Rfe1  Rxe1+
17. Rxe1  Re8  18. Rxe8+
Nxe8  19. g3  Qd8
20. Ne4  f5  21. Ng5
Qf6  22. Ne6  Qa1+
23. Kg2  Qb2  24. Qxb2
Bxb2  25. Be3  b6
26. Kf2  Ng7  27. Ke2
Kf7  28. Ng5+  Kg8
29. Ne6  Kf7  1/2-1/2

[Event "MCR mladeze 2019 - D14"]
[Site "Kouty nad Desnou"]
[Date "2019.03.12"]
[Round "5"]
[White "Pejrimovska, Viola Ruby"]
[Black "Vankova, Marie"]
[Result "1-0"]
[WhiteElo "1486"]
[BlackElo "1341"]
[EventDate "2019.03.09"]

1. e4  e6  2. Nf3  d5
3. e5  c5  4. b4
b6  5. d4  cxd4
6. a3  Ne7  7. Nxd4  Ng6
8. Nf3  Qc7  9. Bb2
Nc6  10. Bb5  a6
11. Bxc6+  Qxc6  12. O-O
Be7  13. Nbd2  O-O
14. Rc1  b5  15. Nb3
Bb7  16. Bd4  Rac8
17. Nc5  Rfd8  18. c3
Nf8  19. a4  Nd7
20. axb5  axb5  21. Nxb7
Qxb7  22. Ra1  Ra8
23. Qe2  Ra6  24. Nd2
Rda8  25. Nb3  Bd8
26. Rxa6  Qxa6  27. Qb2
Qa3  28. Qxa3  Rxa3
29. Rb1  Bb6  30. Nc5
Nxc5  31. bxc5  Bc7
32. g3  Ra5  33. f4
Kf8  34. Rb2  Ke7
35. c6  Ra6  36. Rxb5
Rxc6  37. Kg2  Kd7
38. Kf3  Ra6  39. Rb2
Kc6  40. Kg4  Bb6
41. Rc2  Kb5  42. f5
Kc4  43. fxe6  fxe6
44. Rd2  Bxd4  45. cxd4
Kc3  46. Rd1  Ra4
47. Kf3  Rxd4  48. Rc1+
Kb2  49. Rc6  Rd3+
50. Ke2  Rc3  51. Rxe6
Kc2  52. Rd6  Rc5
53. e6  d4  54. Rxd4
Re5+  55. Kf3  Rxe6
56. Rd7  Rg6  57. g4
Rh6  58. Kg3  g5
59. Rg7  Rd6  60. Rxg5
Kd3  61. Rg7  h6
62. Kh4  Rc6  63. Kh5
Rc2  64. h4  Rh2
65. Rg6  Ke4  66. Rxh6
1-0

[Event "MCR mladeze 2019 - D14"]
[Site "Kouty nad Desnou"]
[Date "2019.03.12"]
[Round "5"]
[White "Ruzickova, Ema"]
[Black "Maresova, Michaela"]
[Result "1/2-1/2"]
[WhiteElo "1363"]
[BlackElo "1335"]
[EventDate "2019.03.09"]

1. e4  d5  2. exd5  Qxd5
3. Nc3  Qa5  4. d4
c6  5. Nf3  Bf5
6. Bd3  Bg6  7. Ne5  e6
8. Bxg6  hxg6  9. Qf3
Nf6  10. Bg5  Be7
11. O-O-O  Nbd7  12. Bxf6
Bxf6  13. Nxd7  Kxd7
14. a3  Qf5  15. Qxf5
gxf5  16. h3  Rad8
17. Ne2  Kc8  18. c3
Rhe8  19. Ng3  Rd5
20. Kc2  Red8  21. Nh5
Be7  22. Nxg7  Rg8
23. Nh5  Rxg2  24. Rd2
Bg5  25. f4  Rxd2+
26. Kxd2  Bh6  27. Rg1
e5  28. Rg8+  Kc7
29. Ke3  exf4+  30. Nxf4
Rd8  31. Rxd8  Kxd8
32. Kf3  Ke7  33. h4
Kf6  34. a4  a5
35. b4  axb4  36. cxb4  Bf8
37. b5  cxb5  38. axb5
Ba3  39. Nd5+  Kg6
40. Nc7  Kh5  41. b6
Bb4  42. Kf4  Ba5
43. Nd5  Kxh4  44. Kxf5
Kg3  45. Ke5  Kf3
46. Kf5  f6  47. Nxf6
Bxb6  48. Ke5  Bxd4+
49. Kxd4  1/2-1/2